000 01156nam a22002297a 4500
999 _c58217
_d58217
003 Ge_BSU
005 20210916131525.0
008 210916s2021 ge ||||| |||| 00| 0 geo d
020 _a9789941836244
041 _ageo
080 _a004.383.3 დ-15
100 _aდავითაძე, ზაზა
_952
245 _aკომპიუტერის ელექტრონული და ლოგიკური საფუძვლები /
_cზაზა დავითაძე; რედ. მიხეილ დონაძე; გარეკანის გრაფიკა ანა სურმანიძე.
264 _aბათუმი,
_c2021.
300 _a126 გვ.
_b21 სმ.
504 _aბიბლიოგრ. გვ. 126
653 _aკომპიუტერული ელექტრონიკა
653 _aკომპიუტერული ლოგიკა
700 _aდონაძე, მიხეილ
_eრედაქტორი
_912496
700 _aსურმანიძე, ანა
_eგარეკანის დიზაინერი
_912497
942 _2udc
_cBK